[Event "1.CLZ 15/16,Unichess-Ceske Budejovice"]
[Site "Praha"]
[Date "2016.04.10"]
[Round "11.1"]
[White "Bernasek, Jan"]
[Black "Vokac, Marek"]
[Result "1-0"]
[BlackElo "2416"]
[WhiteElo "2508"]
[WhiteTeam "Unichess"]
[BlackTeam "QCC Ceske Budejovice"]
[LiveChessVersion "1.4.6"]

1. d4 {[%clk 1:25:24]} Nf6 {[%clk 1:21:35]} 2. c4 {[%clk 1:15:53]} e6
{[%clk 1:19:36]} 3. Nc3 {[%clk 1:15:47]} d5 {[%clk 1:18:12]} 4. cxd5
{[%clk 1:15:18]} exd5 {[%clk 1:18:27]} 5. Bg5 {[%clk 1:15:40]} Be7
{[%clk 1:18:37]} 6. e3 {[%clk 1:16:04]} c6 {[%clk 1:18:51]} 7. Bd3
{[%clk 1:16:26]} Nbd7 {[%clk 1:19:20]} 8. Qc2 {[%clk 1:15:12]} Nf8
{[%clk 1:18:00]} 9. Nf3 {[%clk 1:13:25]} Ng6 {[%clk 1:15:49]} 10. h3
{[%clk 1:11:08]} O-O {[%clk 1:12:09]} 11. O-O-O {[%clk 1:08:25]} Be6
{[%clk 1:11:19]} 12. Ne5 {[%clk 1:05:44]} Nd7 {[%clk 1:07:35]} 13. Bxe7
{[%clk 1:00:33]} Qxe7 {[%clk 1:03:41]} 14. f4 {[%clk 1:00:43]} Ngxe5
{[%clk 0:50:05]} 15. dxe5 {[%clk 0:55:30]} f5 {[%clk 0:39:19]} 16. g4
{[%clk 0:53:32]} g6 {[%clk 0:37:03]} 17. Rdg1 {[%clk 0:49:13]} Kh8
{[%clk 0:35:44]} 18. h4 {[%clk 0:34:23]} Nc5 {[%clk 0:34:08]} 19. gxf5
{[%clk 0:29:25]} Bxf5 {[%clk 0:26:23]} 20. Bxf5 {[%clk 0:27:42]} gxf5
{[%clk 0:26:20]} 21. Ne2 {[%clk 0:23:47]} Ne4 {[%clk 0:25:29]} 22. Nd4
{[%clk 0:24:07]} c5 {[%clk 0:24:53]} 23. Nf3 {[%clk 0:24:31]} d4 {[%clk 0:25:16]}
24. Ng5 {[%clk 0:22:29]} d3 {[%clk 0:22:28]} 25. Qxd3 {[%clk 0:18:46]} Nf2
{[%clk 0:12:57]} 26. Qc3 {[%clk 0:18:00]} Nxh1 {[%clk 0:11:38]} 27. Rxh1
{[%clk 0:18:25]} h6 {[%clk 0:10:55]} 28. e6+ {[%clk 0:16:23]} Qf6
{[%clk 0:09:33]} 29. Nf7+ {[%clk 0:15:04]} Rxf7 {[%clk 0:10:01]} 30. exf7
{[%clk 0:15:27]} Qxc3+ {[%clk 0:10:20]} 31. bxc3 {[%clk 0:15:51]} Rf8
{[%clk 0:10:21]} 32. Rg1 {[%clk 0:14:14]} Kh7 {[%clk 0:07:54]} 33. h5
{[%clk 0:13:36]} Rxf7 {[%clk 0:07:17]} 34. Rg6 {[%clk 0:13:58]} c4
{[%clk 0:04:49]} 35. a4 {[%clk 0:10:13]} Re7 {[%clk 0:01:36]} 36. Kd2
{[%clk 0:10:34]} Rd7+ {[%clk 0:00:41]} 37. Ke2 {[%clk 0:10:56]} Rd3
{[%clk 0:00:43]} 38. Rf6 {[%clk 0:11:19]} Kg7 {[%clk 0:00:54]} 39. Rxf5
{[%clk 0:11:17]} Rxc3 {[%clk 0:01:23]} 40. Rc5 {[%clk 0:11:21]} Kf6
{[%clk 0:00:50]} 41. Rc7 {[%clk 0:09:00]} Rc2+ {[%clk 0:16:41]} 42. Kf3
{[%clk 0:37:29]} Rh2 {[%clk 0:07:28]} 43. Rxb7 {[%clk 0:37:03]} Rxh5
{[%clk 0:07:57]} 44. Rc7 {[%clk 0:37:15]} Ra5 {[%clk 0:07:07]} 45. Rxc4
{[%clk 0:37:23]} Ra6 {[%clk 0:07:03]} 46. e4 {[%clk 0:36:17]} Kg6
{[%clk 0:07:02]} 47. Kg4 {[%clk 0:34:28]} Rb6 {[%clk 0:02:16]} 48. a5
{[%clk 0:32:38]} 1-0

[Event "1.CLZ 15/16,Unichess-Ceske Budejovice"]
[Site "Praha"]
[Date "2016.04.10"]
[Round "11.2"]
[White "Straka, Vojtech"]
[Black "Simek, Petr"]
[Result "1-0"]
[BlackElo "2382"]
[WhiteElo "2320"]
[WhiteTeam "QCC Ceske Budejovice"]
[BlackTeam "Unichess"]
[LiveChessVersion "1.4.6"]

1. d4 {[%clk 1:30:25]} Nf6 {[%clk 1:30:39]} 2. Nf3 {[%clk 1:30:45]} e6
{[%clk 1:30:58]} 3. Bg5 {[%clk 1:30:37]} c5 {[%clk 1:31:12]} 4. e3
{[%clk 1:30:35]} h6 {[%clk 1:31:07]} 5. Bh4 {[%clk 1:30:07]} Qb6 {[%clk 1:31:20]}
6. Nbd2 {[%clk 1:27:50]} cxd4 {[%clk 1:30:46]} 7. exd4 {[%clk 1:27:35]} Qxb2
{[%clk 1:31:03]} 8. Bd3 {[%clk 1:22:58]} Nc6 {[%clk 1:28:58]} 9. O-O
{[%clk 1:15:05]} Qb6 {[%clk 0:42:29]} 10. Rb1 {[%clk 1:12:15]} Qc7
{[%clk 0:42:38]} 11. c4 {[%clk 1:11:31]} Be7 {[%clk 0:39:30]} 12. Qe2
{[%clk 1:06:08]} Nh5 {[%clk 0:26:54]} 13. Bxe7 {[%clk 0:49:13]} Nxe7
{[%clk 0:19:20]} 14. Ne5 {[%clk 0:43:44]} Nf6 {[%clk 0:16:27]} 15. f4
{[%clk 0:30:39]} d6 {[%clk 0:11:41]} 16. Ng4 {[%clk 0:30:13]} Nxg4
{[%clk 0:11:09]} 17. Qxg4 {[%clk 0:30:37]} O-O {[%clk 0:11:11]} 18. Rf3
{[%clk 0:30:02]} Nf5 {[%clk 0:06:54]} 19. d5 {[%clk 0:20:16]} g6 {[%clk 0:03:19]}
20. Bxf5 {[%clk 0:12:17]} exf5 {[%clk 0:03:44]} 21. Qh4 {[%clk 0:12:39]} Kg7
{[%clk 0:04:07]} 22. Rh3 {[%clk 0:12:43]} Rh8 {[%clk 0:03:57]} 23. Qf2
{[%clk 0:07:16]} Qc5 {[%clk 0:02:11]} 24. Qxc5 {[%clk 0:02:50]} dxc5
{[%clk 0:02:39]} 25. Re3 {[%clk 0:03:11]} Kf6 {[%clk 0:02:36]} 26. Kf2
{[%clk 0:03:36]} b6 {[%clk 0:02:36]} 27. Rbe1 {[%clk 0:03:59]} Bd7
{[%clk 0:02:40]} 28. Re7 {[%clk 0:03:29]} Rad8 {[%clk 0:02:49]} 29. Nf3
{[%clk 0:03:25]} a6 {[%clk 0:02:58]} 30. R7e3 {[%clk 0:02:31]} Ba4
{[%clk 0:01:49]} 31. Ra3 {[%clk 0:02:13]} b5 {[%clk 0:02:03]} 32. Ne5
{[%clk 0:02:32]} Rd6 {[%clk 0:02:04]} 33. Rc1 {[%clk 0:01:32]} Rc8
{[%clk 0:02:29]} 34. Nc6 {[%clk 0:01:39]} Rc7 {[%clk 0:01:04]} 35. cxb5
{[%clk 0:01:12]} Bxb5 {[%clk 0:01:10]} 36. Rxc5 {[%clk 0:01:35]} h5
{[%clk 0:00:33]} 37. h4 {[%clk 0:01:16]} Rc8 {[%clk 0:00:33]} 38. Rac3
{[%clk 0:01:08]} Re8 {[%clk 0:00:43]} 39. Ne5 {[%clk 0:00:58]} Re7
{[%clk 0:00:37]} 40. g3 {[%clk 0:00:58]} Rd8 {[%clk 0:00:34]} 41. Ke3
{[%clk 0:24:18]} Be8 {[%clk 0:29:15]} 42. Kd4 {[%clk 0:18:46]} Rb7
{[%clk 0:29:39]} 43. Rc8 {[%clk 0:16:05]} Rb4+ {[%clk 0:29:49]} 44. Ke3
{[%clk 0:15:57]} Re4+ {[%clk 0:28:14]} 45. Kf3 {[%clk 0:16:00]} Rxc8
{[%clk 0:28:32]} 46. Rxc8 {[%clk 0:16:16]} Ke7 {[%clk 0:28:50]} 47. d6+
{[%clk 0:16:02]} Kxd6 {[%clk 0:29:12]} 48. Rxe8 {[%clk 0:16:24]} f6
{[%clk 0:29:36]} 49. Nf7+ {[%clk 0:14:18]} Kd5 {[%clk 0:30:01]} 50. Rxe4
{[%clk 0:11:00]} fxe4+ {[%clk 0:30:26]} 51. Ke3 {[%clk 0:11:24]} Ke6
{[%clk 0:28:46]} 52. Nh8 {[%clk 0:09:36]} Kf5 {[%clk 0:29:00]} 53. Nxg6
{[%clk 0:09:57]} 1-0

[Event "1.CLZ 15/16,Unichess-Ceske Budejovice"]
[Site "Praha"]
[Date "2016.04.10"]
[Round "11.3"]
[White "Kovar, Vojtech"]
[Black "Vybiral, Zdenek"]
[Result "1/2-1/2"]
[BlackElo "2281"]
[WhiteElo "2342"]
[WhiteTeam "Unichess"]
[BlackTeam "QCC Ceske Budejovice"]
[LiveChessVersion "1.4.6"]

1. d4 {[%clk 1:30:30]} e6 {[%clk 1:27:18]} 2. Nf3 {[%clk 1:27:15]} f5
{[%clk 1:27:43]} 3. Bf4 {[%clk 1:21:29]} Nf6 {[%clk 1:27:57]} 4. e3
{[%clk 1:21:54]} g6 {[%clk 1:25:52]} 5. Bd3 {[%clk 1:21:53]} Bg7 {[%clk 1:26:16]}
6. Nbd2 {[%clk 1:21:26]} O-O {[%clk 1:26:21]} 7. h3 {[%clk 1:21:34]} d6
{[%clk 1:26:46]} 8. g4 {[%clk 1:19:48]} Nc6 {[%clk 1:26:15]} 9. gxf5
{[%clk 1:19:48]} exf5 {[%clk 1:25:34]} 10. c3 {[%clk 1:19:52]} Rb8
{[%clk 1:11:27]} 11. Qb3+ {[%clk 1:04:18]} Kh8 {[%clk 1:11:33]} 12. O-O-O
{[%clk 1:04:27]} b5 {[%clk 1:08:42]} 13. Rdg1 {[%clk 1:01:16]} b4
{[%clk 1:03:58]} 14. c4 {[%clk 1:01:30]} Nh5 {[%clk 1:03:57]} 15. Bg5
{[%clk 0:59:10]} Qe8 {[%clk 1:04:21]} 16. Qd1 {[%clk 0:34:59]} Nd8
{[%clk 0:33:05]} 17. Nf1 {[%clk 0:27:34]} Ne6 {[%clk 0:29:26]} 18. Ng3
{[%clk 0:26:02]} Nxg3 {[%clk 0:28:09]} 19. Rxg3 {[%clk 0:26:16]} f4
{[%clk 0:28:29]} 20. Rg4 {[%clk 0:22:36]} c5 {[%clk 0:24:10]} 21. Nh4
{[%clk 0:14:27]} cxd4 {[%clk 0:16:47]} 22. exd4 {[%clk 0:04:38]} Nxd4
{[%clk 0:15:16]} 23. Re1 {[%clk 0:04:55]} Bxg4 {[%clk 0:14:00]} 24. hxg4
{[%clk 0:04:50]} Be5 {[%clk 0:13:56]} 25. Be4 {[%clk 0:01:58]} b3
{[%clk 0:10:19]} 26. a3 {[%clk 0:01:39]} Rc8 {[%clk 0:10:12]} 27. Rh1
{[%clk 0:00:40]} Rxc4+ {[%clk 0:03:52]} 28. Kb1 {[%clk 0:01:08]} Nf5
{[%clk 0:02:20]} 29. Nxf5 {[%clk 0:00:59]} Rxe4 {[%clk 0:01:35]} 30. Rxh7+
{[%clk 0:01:06]} Kxh7 {[%clk 0:01:02]} 31. Qh1+ {[%clk 0:01:35]} Kg8
{[%clk 0:01:19]} 32. Ne7+ {[%clk 0:02:00]} Qxe7 {[%clk 0:01:11]} 33. Bxe7
{[%clk 0:02:26]} Re2 {[%clk 0:01:36]} 34. Bxf8 {[%clk 0:01:28]} Rxb2+
{[%clk 0:01:58]} 35. Kc1 {[%clk 0:01:45]} Kxf8 {[%clk 0:01:56]} 36. Qa8+
{[%clk 0:01:57]} Kg7 {[%clk 0:01:55]} 37. g5 {[%clk 0:01:37]} a5 {[%clk 0:00:37]}
38. Qb7+ {[%clk 0:00:44]} Kf8 {[%clk 0:00:48]} 39. Qd7 {[%clk 0:00:35]} Rc2+
{[%clk 0:00:47]} 40. Kd1 {[%clk 0:00:49]} Rb2 {[%clk 0:00:34]} 41. Qd8+
{[%clk 0:30:34]} Kf7 {[%clk 0:31:48]} 42. Qd7+ {[%clk 0:12:26]} Kf8
{[%clk 0:28:39]} 43. Qd8+ {[%clk 0:12:44]} Kf7 {[%clk 0:29:03]} 44. Qd7+
{[%clk 0:13:10]} Kf8 {[%clk 0:29:28]} 45. Qd8+ {[%clk 0:13:37]} 1/2-1/2

[Event "1.CLZ 15/16,Unichess-Ceske Budejovice"]
[Site "Praha"]
[Date "2016.04.10"]
[Round "11.4"]
[White "Richtrova, Eliska"]
[Black "Kuba, Jindrich"]
[Result "1/2-1/2"]
[BlackElo "2264"]
[WhiteElo "2168"]
[WhiteTeam "QCC Ceske Budejovice"]
[BlackTeam "Unichess"]
[LiveChessVersion "1.4.6"]

1. e4 {[%clk 1:30:25]} c5 {[%clk 1:30:44]} 2. Nc3 {[%clk 1:30:37]} Nc6
{[%clk 1:30:03]} 3. g3 {[%clk 1:31:03]} Nf6 {[%clk 1:30:02]} 4. Bg2
{[%clk 1:31:19]} d6 {[%clk 1:29:44]} 5. Nge2 {[%clk 1:28:28]} e5 {[%clk 1:30:05]}
6. Nd5 {[%clk 1:23:01]} Nxd5 {[%clk 1:29:55]} 7. exd5 {[%clk 1:23:26]} Nd4
{[%clk 1:30:10]} 8. c3 {[%clk 1:18:44]} Nxe2 {[%clk 1:23:41]} 9. Qxe2
{[%clk 1:18:38]} Be7 {[%clk 1:24:10]} 10. O-O {[%clk 1:16:05]} O-O
{[%clk 1:24:35]} 11. d3 {[%clk 1:09:45]} Bf6 {[%clk 1:23:07]} 12. Bd2
{[%clk 1:04:35]} Bd7 {[%clk 1:22:32]} 13. Rab1 {[%clk 0:59:41]} a5
{[%clk 1:18:26]} 14. a3 {[%clk 0:54:32]} a4 {[%clk 1:18:09]} 15. c4
{[%clk 0:52:50]} Qb6 {[%clk 1:14:05]} 16. Bc3 {[%clk 0:50:44]} Rae8
{[%clk 1:08:43]} 17. Qc2 {[%clk 0:49:07]} Qb3 {[%clk 1:00:26]} 18. Qd2
{[%clk 0:49:08]} b5 {[%clk 1:00:15]} 19. cxb5 {[%clk 0:45:05]} Qxb5
{[%clk 0:58:02]} 20. f4 {[%clk 0:41:52]} g6 {[%clk 0:55:44]} 21. Be4
{[%clk 0:36:58]} Bh3 {[%clk 0:37:54]} 22. Rf2 {[%clk 0:37:10]} Qd7
{[%clk 0:37:39]} 23. b4 {[%clk 0:21:51]} axb3 {[%clk 0:36:06]} 24. Rxb3
{[%clk 0:22:17]} Bg7 {[%clk 0:36:10]} 25. Qb2 {[%clk 0:21:56]} Qg4
{[%clk 0:29:54]} 26. Bf3 {[%clk 0:19:22]} Qf5 {[%clk 0:30:01]} 27. Be4
{[%clk 0:16:02]} Qh5 {[%clk 0:30:18]} 28. Bf3 {[%clk 0:15:11]} Qh6
{[%clk 0:30:23]} 29. Bg2 {[%clk 0:13:48]} Bf5 {[%clk 0:28:14]} 30. Be4
{[%clk 0:11:25]} c4 {[%clk 0:21:55]} 31. Rb6 {[%clk 0:07:59]} cxd3
{[%clk 0:22:18]} 32. Bxf5 {[%clk 0:05:50]} gxf5 {[%clk 0:22:45]} 33. fxe5
{[%clk 0:04:29]} Bxe5 {[%clk 0:22:48]} 34. Bxe5 {[%clk 0:02:43]} Rxe5
{[%clk 0:23:16]} 35. Qd4 {[%clk 0:02:38]} Qc1+ 36. Kg2 Qc5 {[%clk 0:19:18]} 37.
Qxc5 {[%clk 0:03:27]} dxc5 {[%clk 0:19:46]} 38. d6 {[%clk 0:03:41]} Rd5
{[%clk 0:19:31]} 39. Rd2 {[%clk 0:03:03]} Rd8 {[%clk 0:19:43]} 40. Rb3
{[%clk 0:02:09]} c4 {[%clk 0:19:44]} 41. Rc3 {[%clk 0:02:15]} Rd4
{[%clk 0:20:08]} 42. a4 {[%clk 0:28:16]} R8xd6 {[%clk 0:51:01]} 43. a5
{[%clk 0:27:40]} Ra6 {[%clk 0:49:29]} 44. Ra3 {[%clk 0:08:41]} Rd5
{[%clk 0:43:34]} 45. Rc3 {[%clk 0:08:48]} Rd4 {[%clk 0:39:59]} 46. Ra3
{[%clk 0:09:14]} Kg7 {[%clk 0:39:11]} 47. Kf2 {[%clk 0:08:26]} Kf6
{[%clk 0:39:30]} 48. Ke1 {[%clk 0:08:53]} Re4+ {[%clk 0:28:35]} 49. Kd1
{[%clk 0:08:58]} Re5 {[%clk 0:12:33]} 50. Rda2 {[%clk 0:08:50]} Ke6
{[%clk 0:08:05]} 51. Kd2 {[%clk 0:07:57]} Re2+ {[%clk 0:06:00]} 52. Kc3
{[%clk 0:08:16]} Rxa2 {[%clk 0:06:24]} 53. Rxa2 {[%clk 0:08:43]} Kd5
{[%clk 0:06:47]} 54. Rf2 {[%clk 0:07:42]} Ke4 {[%clk 0:06:53]} 55. Rf4+
{[%clk 0:06:56]} Ke3 {[%clk 0:05:57]} 56. Rxf5 {[%clk 0:07:22]} Re6
{[%clk 0:04:16]} 57. Rd5 {[%clk 0:06:13]} Ke2 {[%clk 0:04:39]} 58. g4
{[%clk 0:04:41]} f6 {[%clk 0:03:09]} 59. h4 {[%clk 0:04:37]} h6 {[%clk 0:03:27]}
60. g5 {[%clk 0:04:52]} fxg5 {[%clk 0:03:24]} 61. hxg5 {[%clk 0:05:18]} hxg5
{[%clk 0:03:49]} 62. Rxg5 {[%clk 0:05:43]} Rc6 {[%clk 0:03:03]} 63. Re5+
{[%clk 0:05:37]} Kf3 {[%clk 0:03:17]} 64. Re8 {[%clk 0:04:16]} Rd6
{[%clk 0:02:53]} 65. Kd2 {[%clk 0:04:03]} c3+ {[%clk 0:02:12]} 66. Kd1
{[%clk 0:03:28]} d2 {[%clk 0:02:31]} 67. Rc8 {[%clk 0:03:38]} Ra6
{[%clk 0:01:38]} 1/2-1/2

[Event "1.CLZ 15/16,Unichess-Ceske Budejovice"]
[Site "Praha"]
[Date "2016.04.10"]
[Round "11.5"]
[White "Bartos, Jan"]
[Black "Tupy, Martin"]
[Result "1/2-1/2"]
[BlackElo "2252"]
[WhiteElo "2188"]
[WhiteTeam "Unichess"]
[BlackTeam "QCC Ceske Budejovice"]
[LiveChessVersion "1.4.6"]

1. d4 {[%clk 1:30:57]} Nf6 {[%clk 1:30:53]} 2. c4 {[%clk 1:31:21]} g6
{[%clk 1:30:48]} 3. Nc3 {[%clk 1:31:18]} Bg7 {[%clk 1:30:50]} 4. e4
{[%clk 1:31:42]} d6 {[%clk 1:31:16]} 5. f3 {[%clk 1:32:08]} O-O {[%clk 1:31:37]}
6. Be3 {[%clk 1:32:33]} a6 {[%clk 1:29:01]} 7. Nge2 {[%clk 1:32:40]} Nbd7
{[%clk 1:29:08]} 8. Qd2 {[%clk 1:32:49]} c5 {[%clk 1:29:32]} 9. Rd1
{[%clk 1:32:17]} b6 {[%clk 1:15:43]} 10. dxc5 {[%clk 1:25:18]} bxc5
{[%clk 1:14:28]} 11. Nf4 {[%clk 1:25:31]} Rb8 {[%clk 1:12:14]} 12. Be2
{[%clk 1:22:02]} Ne5 {[%clk 1:08:02]} 13. b3 {[%clk 1:17:26]} Nc6
{[%clk 1:04:33]} 1/2-1/2

[Event "1.CLZ 15/16,Unichess-Ceske Budejovice"]
[Site "Praha"]
[Date "2016.04.10"]
[Round "11.6"]
[White "Cuhra, Martin"]
[Black "Jascenko, Olga"]
[Result "0-1"]
[BlackElo "2168"]
[WhiteElo "2129"]
[WhiteTeam "QCC Ceske Budejovice"]
[BlackTeam "Unichess"]
[LiveChessVersion "1.4.6"]

1. e4 {[%clk 1:22:09]} c5 {[%clk 1:30:56]} 2. Nf3 {[%clk 1:22:35]} e6
{[%clk 1:31:14]} 3. d4 {[%clk 1:22:58]} cxd4 {[%clk 1:31:40]} 4. Nxd4
{[%clk 1:23:22]} a6 {[%clk 1:31:57]} 5. Nc3 Qc7 6. g3 Nf6 7. Bg2 Nc6 8. Nde2 Bc5
9. O-O d6 10. Bg5 Ng4 11. h3 Nge5 12. Qc1 Bd7 13. Be3 Ne7 14. Kh2 h5 15. f4 Nc4
16. Bxc5 Qxc5 17. Rf3 Rc8 18. b3 Nb6 19. Qd2 Rc7 20. Rd1 Nbc8 21. Nd4 b5 22. Nce2
e5 23. Rc3 Qa7 24. fxe5 Rxc3 25. Nxc3 dxe5 26. Nf3 f6 27. a4 Qc7 28. axb5 axb5
29. Bf1 Na7 30. Nd5 Nxd5 31. exd5 O-O 32. c4 {[%clk 0:11:30]} bxc4
{[%clk 0:07:21]} 33. d6 {[%clk 0:11:19]} Qc5 {[%clk 0:06:11]} 34. Bxc4+
{[%clk 0:11:22]} Kh7 {[%clk 0:04:06]} 35. Rc1 {[%clk 0:09:15]} Qb6
{[%clk 0:03:34]} 36. Bd3+ {[%clk 0:08:28]} Kh8 {[%clk 0:03:04]} 37. Rc7
{[%clk 0:06:40]} Qxd6 {[%clk 0:02:42]} 38. Rxa7 {[%clk 0:06:42]} Bc6
{[%clk 0:02:50]} 39. Qe3 {[%clk 0:05:21]} Qd5 {[%clk 0:01:56]} 40. Be2
{[%clk 0:03:48]} Rb8 {[%clk 0:02:04]} 41. Ra3 {[%clk 0:02:52]} Rb4
{[%clk 0:25:38]} 42. Kg2 {[%clk 0:28:08]} Re4 {[%clk 0:20:11]} 43. Qf2
{[%clk 0:28:08]} g5 {[%clk 0:15:34]} 44. Kf1 {[%clk 0:23:21]} Rxe2
{[%clk 0:13:02]} 45. Kxe2 {[%clk 0:22:43]} Bb5+ {[%clk 0:13:21]} 46. Ke1
{[%clk 0:20:37]} Qe4+ {[%clk 0:13:42]} 47. Kd2 {[%clk 0:19:12]} Qb4+
{[%clk 0:13:40]} 48. Kc2 {[%clk 0:19:14]} Qxa3 {[%clk 0:14:02]} 49. Nd2
{[%clk 0:17:47]} Kg7 {[%clk 0:12:51]} 50. Kc3 {[%clk 0:17:31]} Qa5+
{[%clk 0:09:20]} 51. Kb2 {[%clk 0:17:52]} Bd3 {[%clk 0:09:23]} 52. Qe3
{[%clk 0:17:31]} Qd5 {[%clk 0:08:12]} 53. Kc3 {[%clk 0:17:25]} e4
{[%clk 0:07:43]} 54. b4 {[%clk 0:15:36]} Qe5+ {[%clk 0:06:38]} 55. Kb3
{[%clk 0:15:36]} Qe6+ {[%clk 0:06:22]} 56. Kc3 {[%clk 0:15:38]} Qxh3
{[%clk 0:06:32]} 57. Qa7+ {[%clk 0:15:08]} Kg6 {[%clk 0:06:24]} 58. Qb8
{[%clk 0:14:39]} Qd7 {[%clk 0:06:00]} 59. Qg8+ {[%clk 0:14:11]} Kf5
{[%clk 0:06:21]} 60. Qa8 {[%clk 0:13:28]} Qc7+ {[%clk 0:06:08]} 61. Kb3
{[%clk 0:13:09]} Qc2+ {[%clk 0:06:18]} 62. Ka3 {[%clk 0:13:37]} Qc1+
{[%clk 0:04:57]} 63. Kb3 {[%clk 0:13:27]} Bc2+ {[%clk 0:04:59]} 64. Kc4
{[%clk 0:13:06]} Ba4+ {[%clk 0:05:01]} 0-1

[Event "1.CLZ 15/16,Unichess-Ceske Budejovice"]
[Site "Praha"]
[Date "2016.04.10"]
[Round "11.7"]
[White "Pokorny, Petr"]
[Black "Borkovec, Milan"]
[Result "1/2-1/2"]
[BlackElo "2221"]
[WhiteElo "2181"]
[WhiteTeam "Unichess"]
[BlackTeam "QCC Ceske Budejovice"]
[LiveChessVersion "1.4.6"]

1. d4 {[%clk 1:30:51]} Nf6 {[%clk 1:27:56]} 2. c4 {[%clk 1:31:13]} c5
{[%clk 1:28:14]} 3. d5 {[%clk 1:31:38]} e6 {[%clk 1:28:29]} 4. Nc3
{[%clk 1:32:03]} exd5 {[%clk 1:28:51]} 5. cxd5 {[%clk 1:32:29]} d6
{[%clk 1:29:06]} 6. e4 {[%clk 1:32:53]} g6 {[%clk 1:28:56]} 7. Bd3
{[%clk 1:33:15]} Bg7 {[%clk 1:29:02]} 8. h3 {[%clk 1:33:40]} O-O {[%clk 1:29:19]}
9. Nf3 {[%clk 1:34:05]} Nbd7 {[%clk 1:27:38]} 10. O-O {[%clk 1:33:24]} a6
{[%clk 1:24:41]} 11. a4 {[%clk 1:33:21]} Nh5 {[%clk 1:24:46]} 12. Be3
{[%clk 1:29:25]} Rb8 {[%clk 1:03:38]} 13. Qc2 {[%clk 1:17:13]} Re8
{[%clk 0:42:19]} 14. Rab1 {[%clk 1:12:40]} Qe7 {[%clk 0:34:29]} 15. Rfe1
{[%clk 1:08:36]} Ne5 {[%clk 0:33:57]} 16. Nxe5 {[%clk 0:59:18]} Bxe5
{[%clk 0:34:01]} 17. Qd2 {[%clk 0:55:25]} Qh4 {[%clk 0:13:34]} 18. Bg5
{[%clk 0:45:40]} Bf4 {[%clk 0:13:49]} 19. Bxh4 {[%clk 0:46:02]} Bxd2
{[%clk 0:14:06]} 20. Red1 {[%clk 0:44:26]} Bf4 {[%clk 0:13:25]} 21. Be2
{[%clk 0:34:04]} Be5 {[%clk 0:10:58]} 22. Bxh5 {[%clk 0:32:22]} gxh5
{[%clk 0:11:25]} 23. Ne2 {[%clk 0:26:39]} f5 {[%clk 0:11:22]} 24. Ng3
{[%clk 0:22:55]} f4 {[%clk 0:08:03]} 25. Ne2 {[%clk 0:17:06]} Bd7
{[%clk 0:07:34]} 26. a5 {[%clk 0:13:07]} b5 {[%clk 0:05:38]} 27. axb6
{[%clk 0:12:57]} Rxb6 {[%clk 0:06:01]} 28. f3 {[%clk 0:10:03]} h6
{[%clk 0:05:32]} 29. Be1 {[%clk 0:06:53]} Reb8 {[%clk 0:04:55]} 30. Bc3
{[%clk 0:06:16]} Bxc3 {[%clk 0:04:06]} 31. Nxc3 {[%clk 0:06:44]} Rxb2
{[%clk 0:04:22]} 32. Rxb2 {[%clk 0:06:58]} Rxb2 {[%clk 0:04:51]} 33. e5
{[%clk 0:06:17]} dxe5 {[%clk 0:04:12]} 34. Ne4 {[%clk 0:06:41]} Ba4
{[%clk 0:04:19]} 35. Ra1 {[%clk 0:06:04]} Bb5 {[%clk 0:04:34]} 36. Nxc5
{[%clk 0:06:25]} Rd2 {[%clk 0:03:12]} 37. Nxa6 {[%clk 0:06:49]} Rxd5
{[%clk 0:03:07]} 38. Nc7 {[%clk 0:07:16]} Rc5 {[%clk 0:03:23]} 39. Nxb5
{[%clk 0:07:43]} Rxb5 {[%clk 0:03:52]} 40. Ra6 {[%clk 0:07:59]} Kg7
{[%clk 0:02:56]} 41. Re6 {[%clk 0:07:04]} h4 {[%clk 0:30:30]} 42. Kf2
{[%clk 0:38:02]} h5 {[%clk 0:29:24]} 43. Kf1 {[%clk 0:38:21]} 1/2-1/2

[Event "1.CLZ 15/16,Unichess-Ceske Budejovice"]
[Site "Praha"]
[Date "2016.04.10"]
[Round "11.8"]
[White "Bostl, Frantisek"]
[Black "Kozak, Milos"]
[Result "1-0"]
[BlackElo "2142"]
[WhiteElo "2193"]
[WhiteTeam "QCC Ceske Budejovice"]
[BlackTeam "Unichess"]
[LiveChessVersion "1.4.6"]

1. e4 {[%clk 1:30:47]} e5 {[%clk 1:30:47]} 2. f4 {[%clk 1:31:03]} d5
{[%clk 1:31:09]} 3. exd5 {[%clk 1:31:19]} exf4 {[%clk 1:31:28]} 4. Bb5+
{[%clk 1:29:32]} c6 {[%clk 1:23:25]} 5. Qe2+ {[%clk 1:28:42]} Be7
{[%clk 1:23:07]} 6. dxc6 {[%clk 1:28:54]} Nxc6 {[%clk 1:22:18]} 7. Nf3
{[%clk 1:28:30]} Nf6 {[%clk 1:22:25]} 8. O-O {[%clk 1:22:37]} O-O
{[%clk 1:20:15]} 9. Bxc6 {[%clk 1:20:44]} bxc6 {[%clk 1:20:17]} 10. d4
{[%clk 1:21:04]} Re8 {[%clk 1:11:50]} 11. Bxf4 {[%clk 1:10:38]} Ba3
{[%clk 1:09:47]} 12. Qd3 {[%clk 1:07:51]} Bxb2 {[%clk 1:08:43]} 13. Nbd2
{[%clk 1:08:04]} Bxa1 {[%clk 1:08:21]} 14. Rxa1 {[%clk 1:08:33]} Qd5
{[%clk 1:04:31]} 15. Be5 {[%clk 0:59:37]} Ng4 {[%clk 0:46:36]} 16. c4
{[%clk 0:20:17]} Nxe5 {[%clk 0:40:22]} 17. Nxe5 {[%clk 0:19:22]} Qe6
{[%clk 0:36:09]} 18. Ne4 {[%clk 0:13:57]} f6 {[%clk 0:32:46]} 19. Nc5
{[%clk 0:13:42]} Qd6 {[%clk 0:32:29]} 20. Nf3 {[%clk 0:11:50]} Bg4
{[%clk 0:29:36]} 21. Nd2 {[%clk 0:07:08]} Rad8 {[%clk 0:23:49]} 22. Ndb3
{[%clk 0:05:19]} Qf4 {[%clk 0:21:53]} 23. Rf1 {[%clk 0:04:08]} Qe3+
{[%clk 0:21:31]} 24. Qxe3 {[%clk 0:04:19]} Rxe3 {[%clk 0:21:59]} 25. h3
{[%clk 0:04:36]} Bh5 {[%clk 0:20:57]} 26. Nb7 {[%clk 0:04:12]} Rb8
{[%clk 0:18:53]} 27. N7a5 {[%clk 0:04:25]} Be8 {[%clk 0:18:09]} 28. Rf2
{[%clk 0:03:59]} Re1+ {[%clk 0:15:03]} 29. Kh2 {[%clk 0:04:25]} Rd1
{[%clk 0:15:18]} 30. Rf4 {[%clk 0:02:53]} Rb4 {[%clk 0:10:27]} 31. Re4
{[%clk 0:02:51]} Kf7 {[%clk 0:09:49]} 32. Kg3 {[%clk 0:02:24]} Ra4
{[%clk 0:08:01]} 33. Re2 {[%clk 0:02:45]} Bd7 {[%clk 0:06:29]} 34. Kf2
{[%clk 0:02:44]} Ra3 {[%clk 0:05:26]} 35. Nb7 {[%clk 0:02:28]} Kf8
{[%clk 0:02:28]} 36. Nd6 {[%clk 0:01:46]} Rxb3 {[%clk 0:01:33]} 37. axb3
{[%clk 0:02:12]} Rxd4 {[%clk 0:01:55]} 38. c5 {[%clk 0:02:01]} Rd5
{[%clk 0:01:09]} 39. b4 {[%clk 0:02:02]} Rd4 {[%clk 0:01:14]} 40. Rb2
{[%clk 0:02:02]} Ke7 {[%clk 0:00:45]} 41. Ke3 {[%clk 0:02:26]} Rh4
{[%clk 0:28:53]} 42. Kd3 {[%clk 0:31:43]} Be6 {[%clk 0:18:58]} 43. Kc3
{[%clk 0:30:16]} a6 {[%clk 0:18:00]} 44. Rb1 {[%clk 0:29:35]} Rf4
{[%clk 0:15:35]} 45. Ra1 {[%clk 0:27:36]} Bd5 {[%clk 0:14:14]} 46. Rxa6
{[%clk 0:26:57]} g5 {[%clk 0:13:05]} 47. g3 {[%clk 0:25:20]} Rf1 {[%clk 0:10:27]}
48. Ra7+ {[%clk 0:18:11]} Ke6 {[%clk 0:10:43]} 49. g4 {[%clk 0:16:03]} h5
{[%clk 0:06:57]} 50. Nf5 {[%clk 0:10:00]} hxg4 {[%clk 0:06:47]} 51. hxg4
{[%clk 0:10:16]} Ke5 {[%clk 0:06:22]} 52. Re7+ {[%clk 0:09:40]} Kf4
{[%clk 0:06:45]} 53. Ne3 {[%clk 0:09:56]} Rf3 {[%clk 0:04:43]} 54. Kd4
{[%clk 0:09:48]} Ba2 {[%clk 0:04:32]} 55. b5 {[%clk 0:03:51]} cxb5
{[%clk 0:04:49]} 56. c6 {[%clk 0:03:53]} Rh3 {[%clk 0:04:30]} 57. c7
{[%clk 0:03:12]} Rh8 {[%clk 0:04:54]} 58. Nf5 {[%clk 0:03:12]} b4
{[%clk 0:03:33]} 59. Nd6 {[%clk 0:03:27]} b3 {[%clk 0:03:37]} 60. Kc3
{[%clk 0:02:28]} Rh3+ {[%clk 0:02:52]} 61. Kb2 {[%clk 0:02:23]} Rh2+
{[%clk 0:02:52]} 62. Ka3 {[%clk 0:01:56]} Rc2 {[%clk 0:03:04]} 63. Re4+
{[%clk 0:01:47]} Kf3 {[%clk 0:03:26]} 64. Rc4 {[%clk 0:02:05]} b2
{[%clk 0:03:13]} 65. c8=Q {[%clk 0:02:25]} Rxc4 {[%clk 0:01:38]} 66. Qf5+
{[%clk 0:02:43]} Rf4 {[%clk 0:01:39]} 67. Qd3+ {[%clk 0:02:49]} Kg2
{[%clk 0:01:34]} 68. Kxa2 {[%clk 0:03:04]} Rf1 {[%clk 0:00:50]} 69. Kxb2
{[%clk 0:03:21]} Rf2+ {[%clk 0:01:12]} 70. Kc1 {[%clk 0:03:44]} Rf1+
{[%clk 0:01:32]} 71. Kd2 {[%clk 0:04:12]} 1-0